[Event "Memorial M.Chigorin (open)"]
[Site "masterchessopen.com St. Petersburg (Russia)"]
[Date "2008.10.08"]
[Round "6"]
[White "Loginov Valery A (RUS)"]
[Black "Fedoseev Vladimir (RUS)"]
[Result "1-0"]
[WhiteElo "2481"]
[BlackElo "2220"]

1.Nf3 c5 2.c4 g6 3.Nc3 Bg7 4.g3 Nf6 5.Bg2 O-O 6.d4 d5 7.cxd5 Nxd5 8.O-O Nxc3
9.bxc3 Nc6 10.d5 Na5 11.Bf4 b6 12.Rc1 Ba6 13.Nd2 Qd7 14.c4 Rac8 15.e4 e5
16.Be3 f5 17.Bh3 Qe8 18.exf5 gxf5 19.Re1 f4 20.Bxf4 exf4 21.Rxe8 Rcxe8 22.Be6+
Kh8 23.Qh5 fxg3 24.hxg3 Re7 25.Kg2 Bb7 26.f3 Bc8 27.Bxc8 Re5 28.Qg4 Re2+
29.Kh3 Rxd2 30.Re1 Rd4 31.Qh5 Nxc4 32.Bf5 {#r} 1-0

[Event "Memorial M.Chigorin (open) ( b)"]
[Site "masterchessopen.com St. Petersburg (Russia)"]
[Date "2006.10.24"]
[Round "2"]
[White "Stroganov Anatoly (RUS)"]
[Black "Novikov Valeri (RUS)"]
[Result "0-1"]
[WhiteElo "1898"]
[BlackElo "2221"]

1.d4 Nf6 2.Nf3 g6 3.c4 Bg7 4.Nc3 d5 5.g3 O-O 6.cxd5 Nxd5 7.Bg2 c5 8.O-O cxd4
9.Nxd4 Nxc3 10.bxc3 Qa5 11.Bb2 Na6 12.Qc2 Rb8 13.a4 Nc5 14.Rfb1 e5 15.Nb3 Nxb3
16.Qxb3 Bf5 17.Rc1 Rfd8 18.Rd1 Be6 19.c4 Qa6 20.Rxd8+ Rxd8 21.Rc1 b6 22.Bd5
Bxd5 23.cxd5 Qxe2 24.d6 Rxd6 25.Rc8+ Bf8 26.Rxf8+ Kxf8 27.Ba3 Qe1+ 28.Kg2 Qe4+
29.Kg1 Qd4 30.Qf3 Kg7 31.Bxd6 Qxd6 32.Qb7 Qd1+ 33.Kg2 Qxa4 34.Qb8 Qe4+ 35.Kg1
Qd4 36.Qxa7 b5 37.Qb7 b4 38.h3 Qc3 39.Kg2 b3 40.g4 h6 41.h4 Qc4 42.f3 Qe2+
43.Kg3 b2 44.g5 hxg5 45.hxg5 Qe1+ {#R} 0-1

[Event "Memorial M.Najdorf (open)"]
[Site "masterchessopen.com Warsaw (Poland)"]
[Date "2011.07.21"]
[Round "8"]
[White "Goslawski Michal (POL)"]
[Black "Drozdowski Kacper (POL)"]
[Result "0-1"]
[WhiteElo "2067"]
[BlackElo "2306"]

1.Nf3 Nf6 2.c4 g6 3.Nc3 c5 4.g3 Bg7 5.Bg2 O-O 6.O-O d5 7.cxd5 Nxd5 8.d4 Nc6
9.Nxd5 Qxd5 10.Ne5 Qxd4 11.Nxc6 bxc6 12.Be3 Qxb2 13.Rb1 Qf6 14.Bxc5 Bf5 15.e4
Be6 16.Qa4 Rfc8 17.Rb7 Qc3 18.Rxa7 Rab8 19.Be3 c5 20.Rc1 Qb2 21.Rc2 Qa1+
22.Rc1 Rb1 23.Qc2 Rxc1+ 24.Qxc1 c4 25.a4 h5 26.h4 Qa2 27.Rxe7 c3 28.Rxe6 fxe6
29.Bh3 Kh7 30.g4 Rb8 31.Qd1 Rb1 32.Bc1 Qd2 {#R} 0-1

[Event "Memorial V.Goglidze"]
[Site "masterchessopen.com Tbilisi (Georgia)"]
[Round "7"]
[White "Ubilava Elizbar (ESP)"]
[Black "Gaprindashvili Nona (GEO)"]
[Result "1-0"]
[WhiteElo "2527"]
[BlackElo "2360"]

1.c4 Nf6 2.Nf3 g6 3.g3 Bg7 4.Bg2 O-O 5.O-O d5 6.cxd5 Nxd5 7.Nc3 c5 8.d4 Nxc3
9.bxc3 Nc6 10.e3 cxd4 11.cxd4 Be6 12.Bb2 Rc8 13.Qd2 Bd5 14.Rfc1 b6 15.Qe2 Be4
16.Bh3 e6 17.Nd2 Bd5 18.Bf1 Na5 19.Bc3 Bb7 20.Bxa5 Qd5 21.Qf3 Qxf3 22.Nxf3
Bxf3 23.Bb4 Rfd8 24.Bg2 Bxg2 25.Kxg2 e5 26.d5 e4 27.Rxc8 Rxc8 28.Rd1 Bf8
29.Bxf8 Kxf8 30.d6 f5 31.g4 fxg4 32.Kg3 Kf7 33.Kxg4 Ke6 34.Kf4 Kd7 35.Kxe4 Rc2
36.f4 Rxa2 37.Kf3 Rxh2 38.e4 Rc2 39.e5 Rc8 40.Rh1 h5 41.Rg1 a5 42.Rxg6 a4
43.Ke4 Rc4+ 44.Kf5 a3 45.Rg7+ Kc6 46.Ra7 b5 47.Rxa3 b4 48.Ra6+ Kb7 49.d7 {#r}
1-0

[Event "Memorial W.Steinitz (cat.8)"]
[Site "masterchessopen.com Prague (Czech Republic)"]
[Round "7"]
[White "Pribyl Martin (CZE)"]
[Black "Hausner Ivan (CZE)"]
[Result "1-0"]
[WhiteElo "2326"]
[BlackElo "2434"]

1.c4 c5 2.Nc3 g6 3.g3 Bg7 4.Bg2 Nf6 5.Nf3 O-O 6.O-O d5 7.cxd5 Nxd5 8.d4 cxd4
9.Nxd4 Nxc3 10.bxc3 a6 11.Qb3 Qc7 12.Ba3 Re8 13.Rab1 Nd7 14.Rfd1 Ne5 15.Bc1
Rb8 16.Bf4 h6 17.h4 Bd7 18.Qd5 Ba4 19.Rdc1 b6 20.Qe4 Bd7 21.Kf1 b5 22.Nf3 Nxf3
23.Bxc7 Nd2+ 24.Ke1 Nxe4 25.Bxe4 Rbc8 26.Ba5 Rc4 27.Bd5 Rc5 28.Bb3 Rec8 29.Kd2
h5 30.Bb4 R5c7 31.Ra1 Bh6+ 32.e3 Bg4 33.a4 Rd7+ 34.Ke1 Rcd8 35.axb5 axb5
36.Bd1 Bxd1 37.Rxd1 Rxd1+ 38.Rxd1 Rxd1+ 39.Kxd1 e5 40.Kc2 f5 41.Kb3 Kf7 42.Bc5
f4 43.Kb4 fxg3 44.fxg3 e4 45.Kxb5 Ke6 46.Kc6 Bg7 47.Bd4 Bf8 48.Bb6 Bd6 49.Bd8
Bxg3 50.c4 Be1 51.c5 Bb4 52.Bg5 Ba3 53.Bf4 Bb4 54.Bg5 Ba3 55.Bh6 Bb4 56.Bf4
Ba3 57.Bg5 Bb4 58.Kb5 {#r} 1-0

[Event "Memorial Yanofsky (open)"]
[Site "masterchessopen.com Winnipeg (Canada)"]
[Date "2005.09.05"]
[Round "5"]
[White "Lipnowski Irwin (CAN)"]
[Black "Hogeveen-Rutter Alexander"]
[Result "1-0"]
[WhiteElo "2257"]
[BlackElo "1780"]

1.c4 Nf6 2.g3 g6 3.Bg2 Bg7 4.Nc3 O-O 5.Nf3 d5 6.cxd5 Nxd5 7.O-O c5 8.d4 cxd4
9.Nxd4 Nxc3 10.bxc3 Qc7 11.Qb3 Rd8 12.Rb1 Nc6 13.Nxc6 bxc6 14.Qa3 Bg4 15.f3
Bf5 16.e4 Be6 17.Bf4 Qd7 18.Rbc1 Qd3 19.Kh1 Rd7 20.Rf2 Qb5 21.Bf1 Qb6 22.Rb2
Qd8 23.Be2 Bh3 24.Kg1 e5 25.Be3 Be6 26.Kf2 Rb8 27.Rcb1 Rxb2 28.Rxb2 f5 29.Qa4
Qc7 30.Bc4 Bxc4 31.Qxc4+ Kh8 32.Qe6 Qc8 33.Qxd7 Qxd7 34.Rb8+ Bf8 35.Bh6 {#r}
1-0

[Event "Oberliga 1991/92"]
[Site "masterchessopen.com Hessen (Germany)"]
[Round "0"]
[White "Von Kiedrowski Klemens (GER)"]
[Black "Roosen Holger (GER)"]
[Result "1-0"]
[WhiteElo "2076"]
[BlackElo "2220"]

1.Nf3 Nf6 2.c4 g6 3.g3 Bg7 4.Bg2 O-O 5.O-O c5 6.Nc3 d5 7.cxd5 Nxd5 8.d4 cxd4
9.Nxd4 Nc6 10.Nxc6 bxc6 11.Nxd5 cxd5 12.Qxd5 Qxd5 13.Bxd5 Rb8 14.Rb1 Ba6
15.Bf3 Rfc8 16.Rd1 Rc2 17.Rd7 Rbc8 18.Be3 Bxb2 19.Rxa7 Bc4 20.Be4 Rxe2 21.Bf3
Rxe3 22.fxe3 Rb8 23.Rb7 Rxb7 24.Bxb7 Ba3 25.Kf2 Kf8 26.Bf3 Bd6 27.a4 Ke8
28.Be2 Bd5 29.a5 Kd8 30.a6 Bc5 31.Rb5 {#r} 1-0

[Event "Oberliga Baden 1995/96"]
[Site "masterchessopen.com Baden-Wuerttemberg (Germany)"]
[Round "0"]
[White "Baumstark Thomas (GER)"]
[Black "Eisele Steffen (GER)"]
[Result "1-0"]
[WhiteElo "2145"]
[BlackElo "2257"]

1.Nf3 Nf6 2.c4 g6 3.g3 Bg7 4.Bg2 O-O 5.Nc3 d5 6.cxd5 Nxd5 7.d4 c5 8.O-O Nxc3
9.bxc3 Nc6 10.e3 Qa5 11.Qb3 Rb8 12.Nd2 Bg4 13.h3 Bf5 14.e4 Bd7 15.Nc4 Qa6
16.d5 Nb4 17.Nb2 Nd3 18.Nxd3 Qxd3 19.Be3 Qxc3 20.Qxc3 Bxc3 21.Rac1 Bb4 22.Bxc5
Bxc5 23.Rxc5 Rfc8 24.Rfc1 Kg7 25.f4 Rxc5 26.Rxc5 Rc8 27.Rxc8 Bxc8 28.Kf2 f6
29.e5 b5 30.Ke3 fxe5 31.fxe5 g5 32.Kd4 Kf7 33.Kc5 a6 34.Kc6 Ke8 35.Kc7 Bf5
36.d6 exd6 37.exd6 Bd7 38.h4 gxh4 39.gxh4 b4 40.Bd5 Bb5 41.Be6 a5 42.d7+ Bxd7
43.Bxd7+ Ke7 {#r} 1-0

[Event "Simultan"]
[Site "masterchessopen.com London (England)"]
[Round "0"]
[White "Kasparov Garry (RUS)"]
[Black "Gurevich Ilya (USA)"]
[Result "1-0"]
[WhiteElo "2715"]
[BlackElo "2586"]

1.d4 Nf6 2.c4 g6 3.g3 Bg7 4.Bg2 d5 5.cxd5 Nxd5 6.Nf3 O-O 7.O-O c5 8.Nc3 Nxc3
9.bxc3 Nc6 10.dxc5 Bxc3 11.Rb1 Bb4 12.Bh6 Re8 13.Ne5 Nxe5 14.Rxb4 Qa5 15.Qd4
f6 16.Rfb1 Bf5 17.Ra4 Qd8 18.Rxb7 Qxd4 19.Rxd4 g5 20.f4 Ng4 21.fxg5 Rad8
22.Rxg4 Bxg4 23.gxf6 Kf7 24.fxe7 Rd1+ 25.Kf2 Rxe7 26.c6 Bc8 27.Bg5 Bxb7
28.cxb7 Re8 29.Bf4 Rb1 30.Bc6 Rd8 31.a4 a6 32.h4 Ke6 33.a5 Rd6 34.Be4 {#r} 1-0

[Event "Staatsliga B 1998/99"]
[Site "masterchessopen.com Austria"]
[Round "9"]
[White "Blaickner Dieter (AUT)"]
[Black "Spiegel Wilfried (AUT)"]
[Result "1-0"]
[WhiteElo "1929"]
[BlackElo "2160"]

1.d4 Nf6 2.Nf3 g6 3.c4 Bg7 4.Nc3 d5 5.g3 O-O 6.Bg2 c5 7.cxd5 Nxd5 8.O-O cxd4
9.Nxd4 Nxc3 10.bxc3 Qa5 11.Bb2 e5 12.Nb3 Qc7 13.Qc2 Be6 14.Rfd1 Na6 15.Ba3
Rfd8 16.Qe4 Rab8 17.Qh4 b6 18.Qa4 Nc5 19.Nxc5 bxc5 20.c4 e4 21.Rab1 f5 22.e3
h5 23.h4 Kh7 24.Bf1 Be5 25.Rxd8 Rxd8 26.Qa6 Bc8 27.Qa4 Rd2 28.Rd1 Rxa2 29.Qb3
Ra1 30.Rxa1 Bxa1 31.Qb5 Be5 32.Bxc5 Bd7 33.Qb4 a5 34.Qa3 a4 35.Bb4 Qa7 36.c5
Bc6 37.Bc3 Bxc3 38.Qxc3 a3 39.Bc4 Qa8 40.Kg2 Qa4 41.Ba2 Qd1 42.Qf6 Qf3+ 43.Kg1
Qd1+ 44.Kh2 Bd5 45.Qe7+ Kh6 46.Qe5 Kh7 47.Bxd5 Qf1 48.Qe7+ Kh6 49.Qf8+ Kh7
50.Qg8+ {#r} 1-0

[Event "Staatsliga B South 1995/96"]
[Site "masterchessopen.com Austria"]
[Round "0"]
[White "Spindelboeck Gernot (AUT)"]
[Black "Smole Albert (AUT)"]
[Result "1-0"]
[WhiteElo "2235"]
[BlackElo "2113"]

1.Nf3 Nf6 2.c4 g6 3.g3 Bg7 4.Bg2 O-O 5.O-O c5 6.Nc3 d5 7.cxd5 Nxd5 8.d4 cxd4
9.Nxd4 Nxc3 10.bxc3 Qa5 11.Be3 e5 12.Nb3 Qc7 13.Qc1 Nc6 14.Rd1 Be6 15.Nc5 Bc8
16.Qa3 Rd8 17.Rxd8+ Nxd8 18.Rd1 Bf8 19.Qa4 Ne6 20.Ne4 Kg7 21.h4 h6 22.c4 f5
23.Nc3 Nc5 24.Qc2 Be6 25.Nd5 Qf7 26.Qb2 Kh7 27.Qxe5 Bg7 28.Qd6 Ne4 29.Bxe4
fxe4 30.Nc7 Re8 31.Nxe8 Qxe8 32.Bd4 Qc6 33.Bxg7 {#r} 1-0

[Event "Tournament"]
[Site "masterchessopen.com Buenos Aires (Argentina)"]
[Round "6"]
[White "Carames Luis (ARG)"]
[Black "Studenetzky Moises (ARG)"]
[Result "1-0"]
[WhiteElo "2040"]
[BlackElo "2145"]

1.d4 Nf6 2.c4 g6 3.Nc3 d5 4.Nf3 Bg7 5.g3 O-O 6.cxd5 Nxd5 7.Bg2 c5 8.O-O cxd4
9.Nxd4 Nxc3 10.bxc3 e5 11.Nb5 Qb6 12.Rb1 a6 13.Be3 Qa5 14.Nd6 Nc6 15.Qc2 Qc7
16.Bc5 Rd8 17.Rfd1 Nd4 18.cxd4 Rxd6 19.Rbc1 Rd8 20.d5 Bf5 21.Qb3 Rac8 22.d6
Qd7 23.Qxb7 Qa4 24.Be3 Rxc1 25.Rxc1 Qxa2 26.Bd5 Qa3 27.Qxf7+ Kh8 28.Rc7 Qa1+
29.Kg2 e4 30.Bh6 {#r} 1-0

[Event "Tournament"]
[Site "masterchessopen.com Berlin (Germany)"]
[Date "2001.11.28"]
[Round "3"]
[White "Schlesinger Michael"]
[Black "Jonas Bernhard"]
[Result "0-1"]
[WhiteElo "1780"]
[BlackElo "2194"]

1.d4 Nf6 2.Nf3 g6 3.c4 Bg7 4.g3 d5 5.Bg2 O-O 6.cxd5 Nxd5 7.O-O c5 8.Nc3 Nxc3
9.bxc3 Nc6 10.e3 Bf5 11.Nh4 Bd7 12.Ba3 Qa5 13.Bxc5 Qxc3 14.Rc1 Qa5 15.Qb3 Qa6
16.Rb1 b6 17.Bb4 Rac8 18.Bd2 Bf6 19.Nf3 Na5 20.Qa3 Rc2 21.Bxa5 bxa5 22.Ne1 Rd2
23.Nf3 Rd3 24.Qb2 Qd6 25.Rfc1 Be6 26.Bf1 Ra3 27.Bc4 Bf5 28.Ra1 Rb8 29.Qe2 Bg4
30.Kg2 Rb4 31.h3 Bd7 32.Rd1 Qb6 33.Rac1 Rb2 34.Rd2 Rxd2 35.Qxd2 Qb4 36.Qc2 Ba4
37.Qe4 Qb2 38.Re1 Qc3 39.Bd5 e6 40.Bxe6 fxe6 41.Qxe6+ Kg7 42.Rb1 Qc6 43.Qg4
Rxa2 44.e4 Bc2 45.d5 Qc7 46.Re1 Be5 47.Qe6 Bc3 48.Rc1 Bb4 49.e5 Qe7 50.Qc6 Be4
51.Qc7 Qxc7 52.Rxc7+ Kh6 53.d6 Ra3 54.d7 Rxf3 55.Kg1 Rd3 56.g4 Bf3 57.Kh2 Kg5
58.e6 Kf4 59.Rc8 Be7 60.Rf8+ Bxf8 {#R} 0-1

[Event "Tournament"]
[Site "masterchessopen.com Sielpia (Poland)"]
[Round "6"]
[White "Czarnecki Wojciech (POL)"]
[Black "Sekowski Piotr (POL)"]
[Result "1-0"]
[WhiteElo "2104"]
[BlackElo "1395"]

1.Nf3 Nf6 2.g3 g6 3.Bg2 Bg7 4.O-O O-O 5.c4 d5 6.cxd5 Nxd5 7.Nc3 c5 8.d4 Nxc3
9.bxc3 Nc6 10.Be3 Qc7 11.Qc1 Rd8 12.dxc5 Qa5 13.Nd4 Ne5 14.Rd1 Nc4 15.c6 Rb8
16.Bh6 Bh8 17.a3 Bf5 18.cxb7 Qc7 19.Nc6 Rxd1+ 20.Qxd1 Rxb7 21.Nxe7+ Qxe7
22.Bxb7 Bg7 23.Bxg7 Kxg7 24.Qd4+ Ne5 25.Be4 Bxe4 26.Qxe4 {#r} 1-0

[Event "Tournament"]
[Site "masterchessopen.com Sulaymaniyah (Iraq)"]
[Date "2012.06.24"]
[Round "4"]
[White "Shayan Sabri (IRQ)"]
[Black "Zrng Salah Mohammed"]
[Result "1-0"]
[WhiteElo "2109"]
[BlackElo "1942"]

1.d4 Nf6 2.c4 g6 3.Nc3 d5 4.cxd5 Nxd5 5.Nf3 Bg7 6.g3 c5 7.Bg2 O-O 8.O-O Nc6
9.Nxd5 Qxd5 10.Be3 cxd4 11.Nxd4 Qd7 12.Nxc6 bxc6 13.Qa4 Bb7 14.Rad1 Qc7 15.Rd2
Be5 16.Rc2 Rfc8 17.Rfc1 Qd7 18.b3 a5 19.Bxc6 Bxc6 20.Rxc6 Rxc6 21.Qxc6 Qxc6
22.Rxc6 a4 23.b4 Rb8 24.Bc5 Rb7 25.Ra6 Bd6 26.Bxd6 exd6 27.Rxa4 Kf8 28.Kg2 Ke7
29.Kf3 Kd7 30.a3 Rc7 31.b5 Kc8 32.Ra6 Rc3+ 33.e3 Kc7 34.a4 f5 35.a5 h5 36.Ra7+
Kb8 37.b6 Rb3 38.Kf4 g5+ 39.Kxg5 {#r} 1-0

[Event "Tournament (Elo)"]
[Site "masterchessopen.com Novaya Ladoga (Russia)"]
[Date "2009.07.06"]
[Round "3"]
[White "Malinin Yuri (RUS)"]
[Black "Anjikhin Alexey"]
[Result "1-0"]
[WhiteElo "2319"]
[BlackElo "2362"]

1.Nf3 c5 2.g3 Nf6 3.Bg2 g6 4.O-O Bg7 5.c4 O-O 6.Nc3 d5 7.cxd5 Nxd5 8.d4 cxd4
9.Nxd4 Nxc3 10.bxc3 e5 11.Nb5 Qa5 12.Nd6 Rd8 13.Nxb7 Bxb7 14.Bxb7 Rxd1 15.Rxd1
Qxc3 16.Be3 Nd7 17.Bxa8 Qc8 18.Bd5 Nf8 19.Rac1 {#r} 1-0

[Event "Tournament (Elo) (a)"]
[Site "masterchessopen.com Budapest (Hungary)"]
[Date "2012.10.08"]
[Round "2"]
[White "Tessedik Karoly (HUN)"]
[Black "Darazs Zoltan (HUN)"]
[Result "1-0"]
[WhiteElo "1868"]
[BlackElo "2124"]

1.d4 Nf6 2.c4 g6 3.Nf3 Bg7 4.g3 O-O 5.Bg2 d5 6.cxd5 Nxd5 7.Nc3 c5 8.O-O Nxc3
9.bxc3 Nc6 10.e3 Be6 11.Nd2 cxd4 12.cxd4 Bd5 13.Bb2 e5 14.e4 Bxa2 15.Rxa2 exd4
16.Qb3 Na5 17.Qb4 b6 18.Rd1 Re8 19.f4 Rc8 20.e5 Bf8 21.Qb5 d3 22.Ne4 {#r} 1-0

[Event "Tournament (open)"]
[Site "masterchessopen.com Donostia (Spain)"]
[Date "2008.05.10"]
[Round "2"]
[White "Urbieta Aldalur Bingen (ESP)"]
[Black "Salcedo Marc (FRA)"]
[Result "1-0"]
[WhiteElo "1779"]
[BlackElo "1965"]

1.d4 Nf6 2.c4 g6 3.Nc3 d5 4.Nf3 Bg7 5.cxd5 Nxd5 6.g3 O-O 7.Bg2 c5 8.O-O Nc6
9.Nxd5 Qxd5 10.Ne5 Qxd4 11.Nxc6 bxc6 12.Qxd4 Bxd4 13.Bxc6 Rb8 14.Rb1 Bf5 15.e4
Bh3 16.Re1 Rb6 17.Bd5 e6 18.Bc4 Kg7 19.b3 Rd8 20.Bb2 Rbd6 21.Bxd4+ Rxd4
22.Rbc1 Rd2 23.a4 Rb2 24.Red1 Rd4 25.Rxd4 cxd4 26.Rd1 e5 27.a5 Bg4 28.Re1 Ra2
29.b4 Rc2 30.Bf1 Rb2 31.b5 Bd7 32.b6 axb6 33.a6 Ra2 34.Rb1 b5 35.Bxb5 Bxb5
36.Rxb5 Rxa6 37.Rxe5 Re6 38.Rxe6 fxe6 39.e5 g5 40.g4 Kg6 41.Kf1 h5 42.h3 {#r}
1-0

[Event "Tournament (open)"]
[Site "masterchessopen.com Petroupolis (Greece)"]
[Date "2011.05.21"]
[Round "5"]
[White "Darviris Panagiotis (GRE)"]
[Black "Piromalis Panagiotis (GRE)"]
[Result "0-1"]
[WhiteElo "1461"]
[BlackElo "1732"]

1.c4 Nf6 2.g3 g6 3.Bg2 Bg7 4.Nc3 O-O 5.Nf3 d5 6.cxd5 Nxd5 7.O-O c5 8.d4 cxd4
9.Nxd4 Nxc3 10.bxc3 e5 11.Nb5 Qa5 12.c4 Rd8 13.Qc2 Nc6 14.Be3 Bf5 15.Qc3 Qxc3
16.Nxc3 Rac8 17.Bd5 b6 18.Bg5 Rd7 19.e4 Bh3 20.Rfd1 Nd4 21.Rd3 h6 22.Bd2 Nc2
23.Rc1 Nb4 24.Re3 Bf8 25.Rf3 Bg4 26.Rf6 Kg7 27.h3 Bxh3 28.Rf3 Bg4 29.Bxh6+
Kxh6 30.Rxf7 Nxd5 31.Rxd7 Nxc3 32.Rxc3 Bxd7 {#R} 0-1

[Event "Tournament (qual)"]
[Site "masterchessopen.com Baku (Azerbaijan)"]
[Round "0"]
[White "Gasimov Ragim (AZE)"]
[Black "Badalov Samir (AZE)"]
[Result "1-0"]
[WhiteElo "2405"]
[BlackElo "2252"]

1.Nf3 Nf6 2.c4 c5 3.Nc3 g6 4.g3 Bg7 5.Bg2 O-O 6.O-O d5 7.cxd5 Nxd5 8.d4 Nxc3
9.bxc3 Nc6 10.d5 Na5 11.Bf4 b6 12.Qc1 Ba6 13.Re1 Qxd5 14.Nd2 Qh5 15.Bf3 Qf5
16.Bxa8 Rxa8 17.Rb1 Qd5 18.Qc2 e5 19.Be3 f5 20.f3 Qe6 21.Rbd1 Re8 22.Nf1 h5
23.Qa4 e4 24.Rd6 Qxd6 25.Qxe8+ Kh7 26.fxe4 fxe4 27.Bf4 Qd5 28.Ne3 Qxa2 29.Rd1
Qxe2 30.Rd6 Nb7 31.Qxg6+ Kh8 32.Bh6 Qe1+ 33.Kg2 Bf1+ 34.Nxf1 Qe2+ 35.Kg1 {#r}
1-0

[Event "Tournament (team)"]
[Site "masterchessopen.com Pula (Croatia)"]
[Round "5"]
[White "Bilobrk Franjo (CRO)"]
[Black "Voscilla Adriano (CRO)"]
[Result "0-1"]
[WhiteElo "2377"]
[BlackElo "2197"]

1.Nf3 Nf6 2.c4 c5 3.g3 d5 4.cxd5 Nxd5 5.Bg2 g6 6.O-O Bg7 7.Nc3 O-O 8.d4 cxd4
9.Nxd4 Nb6 10.Ndb5 Nc6 11.a4 a6 12.Qxd8 Rxd8 13.Nc7 Rb8 14.N7d5 Nxd5 15.Nxd5
Be6 16.Nb6 Bd4 17.a5 Nxa5 18.Bf4 Bxb6 19.Bxb8 Rxb8 20.b4 Nc4 21.Rfd1 Nd6 22.e4
g5 23.e5 Nc4 24.b5 a5 25.Re1 Bd4 26.Ra4 b6 27.Rc1 Rc8 28.Bc6 Nxe5 29.Rxd4 Nf3+
30.Bxf3 Rxc1+ 31.Kg2 Bc4 32.Bc6 Bf1+ 33.Kf3 Rc3+ 34.Kg4 Rc4 35.Rxc4 Bxc4 {#R}
0-1

[Event "corr."]
[Site "masterchessopen.com USA"]
[Round "0"]
[White "Silman Jeremy D (USA)"]
[Black "Dunne Alex (USA)"]
[Result "1-0"]
[WhiteElo "2383"]
[BlackElo "2218"]

1.d4 Nf6 2.c4 g6 3.Nc3 d5 4.Nf3 Bg7 5.cxd5 Nxd5 6.g3 O-O 7.Bg2 c5 8.O-O Nxc3
9.bxc3 cxd4 10.Nxd4 Nc6 11.Rb1 Nxd4 12.cxd4 Bxd4 13.Qa4 Bg7 14.Rd1 Qe8 15.Qa3
e5 16.Be3 Qe6 17.Bc5 Re8 18.Qa4 Bf8 19.Bd5 Bd7 20.Qc4 Qf5 21.e4 Qf6 22.Rxb7
Bxc5 23.Qxc5 Rad8 24.Qxa7 Be6 25.Qa3 h5 26.h4 Bxd5 27.exd5 e4 28.Qe3 Re5
29.Rb6 Qf5 30.d6 Qe6 31.Ra6 Kh7 32.Rd4 Rd7 33.Kg2 Kg7 34.a4 Kh7 35.a5 Kg7
36.Ra4 Qd5 37.Rb6 Rxd6 38.Rxd6 Qxd6 39.a6 Qc6 40.Ra3 Rf5 41.a7 Qa8 42.Rb3 {#r}
1-0